01386nam a22002537a 450000500170000000800410001702000180005804000250007604100080010108200170010911000380012624203050016424502530046926000530072230000300077565000560080565000590086165000640092065000470098470000220103170000240105371000290107771000260110620180301161706.0140317t2009 ad gr|||| 00| 0 eng d a9789290592518 aCO-BoIAVHcCO-BoIAVH aeng a327.17bG53b2 aGlobal Invasive Species Programme10aMejores Prácticas en la Evaluación de Riesgos de la Pre-importación de Especies de Animales Vivos en el Comercio InternacionalbActas de un Seminario de Expertos sobre la Prevención de Invasiones BiológicascGlobal Invasive Species Programme, University of Notre Dame, Defenders of Wildlife10aBest Practices in Pre-import Risk Screening for Species of Live Animals in International TradebProceedings of an Expert Workshop on Preventing Biological InvasionscGlobal Invasive Species Programme, University of Notre Dame, Defenders of Wildlife3 aNairobibGlobal Invasive Species Programmec2009 a30 p.bil., tablasc30 cm 4aConceptosvEstudio de CasosxEvaluación de Riegos 4aHerramientasvEstudio de CasosxEvaluación de Riegos 4aEvaluación de RiesgosvEstudio de CasosxImplementación 4aAcuerdos InternacionalesvEstudio de Casos1 aSimons, Saraheed1 aPoorter, Maj Deeed2 aUniversity of Notre Dame2 aDefenders of Wildlife